Sanat- "Haukilahden rantaan" - Sanni - Statistics

Yleistilastot
  • Tätä visaa on pelattu 187 kertaa
  • Keskiarvotulos 135 / 195
Vastaustilastot
Vastaus % Oikein
Haukilahden
100%
haukilahden
100%
rantaan
100%
Haukilahden
99%
ku
98%
me
98%
ei
94%
93%
kannetaan
92%
kukkia
92%
voit
87%
enää
86%
puhaltaa
86%
jaksaa
84%
kevättuuli
84%
84%
tarvi
84%
nukkumaan
83%
on
82%
se
82%
kanssa
81%
jäädä
80%
et
78%
syreenien
78%
tuo
73%
syöpää
72%
matkaa
71%
lääkäri
70%
sulle
69%
toivottaa
69%
turvallista
69%
Meil
67%
mut
67%
tää
67%
jossain
66%
kuvia
66%
Liian
66%
liian
66%
meillä
66%
susta
66%
myöhään
65%
nähdään
65%
tuolla
65%
aikaisin
64%
soitti
64%
eikä
63%
puolella
63%
taas
63%
kunnes
61%
pitää
61%
tehdä
61%
kädestä
60%
tuu
60%
mitään
59%
penkkiin
59%
pois
59%
voitu
59%
auton
58%
sinne
58%
hiljaa
57%
mentiin
57%
sut
57%
päätä
55%
ajan
54%
Painan
54%
perheenä
54%
jäädään
53%
erikseen
52%
ikävä
52%
aina
51%
lähettiin
51%
sua
51%
Eteisessä
49%
liikaa
48%
mikään
48%
sitä
48%
kenkii
47%
muuttamaan
47%
missä
46%
vaikka
45%
helppo
43%
hengittää
43%
jäänyt
43%
sanoo
43%
osa
42%
tuoksusi
42%
tuut
42%
vähän
42%
antaa
41%
elämä
41%
koko
41%
moi
41%
paikka
41%
seiniin
41%
uusii
41%
aikaa
40%
meinaan
40%
niistä
40%
ovella
40%
puuttumaan
40%
niin
39%
pesä
37%
tyhjä
37%
lensit
36%
vuosii
35%
josta
31%
hyvästellään
20%
Ehtoja vastaavia visoja ei löytynyt
Tulosjakauma
Jokaisen tuloksen saaneiden osuus
Persentiili vastausten määrän mukaan
Tuloshistoriasi
Et ole pelannut tätä visaa